El caso del cantante de rock / (Registro nro. 8365)

Detalles MARC
000 -LIDER
fixed length control field 00810nam a22002897a 4500
001 - NÚMERO DE CONTROL
Identificador de número de control 0074
003 - IDENTIFICACDOR DE NÚMERO DE CONTROL
control field DO-SdBNP
005 - DATE AND TIME OF LATEST TRANSACTION
control field 20180220105434.0
007 - CAMPOS FIJOS DE DESCRIPCIÓN FÍSICA
fixed length control field 0074
008 - ELEMENTOS DE LONGITUD FIJA
fixed length control field 151012b 2007 ag | 00| 0 spa d
020 ## - ISBN
International Standard Book Number 9789870401124
040 ## - FUENTE DE CATALOGACIÓN
Agencia que crea de manera original el registro BPMSU
Idioma de catalogación spa
Agencia que realiza la transcripción BPMSU
082 #4 - NÚMERO DE CLASIFICACIÓN DECIMAL DE DEWEY
Classification number A863.44
Item number S338c 2007
100 10 - ASIENTO PRINCIPAL -- NOMBRE PERSONAL
Nombre personal Schlaen, Carlos
Fechas asociadas con el nombre 1946-
245 13 - MENCIÓN DE TITULO
Título El caso del cantante de rock /
Mención de responsabilidad Carlos Schlaen
250 ## - MENCIÓN DE EDICION
--
260 ## - PUBLICACIÓN, DISTRIBUCIÓN, ETC. (PIE DE IMPRENTA)
Lugar de publicación, distribución, etc Buenos Aires, Argentina :
Nombre del editor, distribuidor, etc. Editorial Alfaguara,
Fecha de publicación, distribución, etc 2007.
300 ## - DESCRIPCIÓN FÍSICA
Extensión 61 p. :
Otros detalles físicos il.,
Dimensiones 20 cm.
490 10 - MENCIÓN DE SERIES
Mención de serie Alfaguara juvenil
650 ## - ENCABEZAMIENTO DE MATERIA--TEMÁTICO
Término temático o nombre geográfico como elemento de entrada CUENTOS JUVENILES ARGENTINOS
650 ## - ENCABEZAMIENTO DE MATERIA--TEMÁTICO
Término temático o nombre geográfico como elemento de entrada LITERATURA JUVENIL ARGENTINA
830 00 - ASIENTO SECUNDARIO DE SERIE--TÍTULO UNIFORME
Título uniforme Alfaguara juvenil
910 ## - VALIDACIÓN
Validación Validado. Control de calidad MFF
942 ## - ADDED ENTRY ELEMENTS (KOHA)
Source of classification or shelving scheme Dewey Decimal Classification
Koha item type Libros
945 ## - INFORMACIÓN DE PROCESAMIENTO LOCAL
Información de procesamiento local Inventariado 2017
956 ## - LOCAL ELECTRONIC LOCATION AND ACCESS (OCLC)
Nombre de host Brenda Tavárez
Número de acceso 10
Existencias
Withdrawn status Lost status Source of classification or shelving scheme Damaged status Not for loan Collection code Home library Current library Date acquired Source of acquisition Total Checkouts Full call number Barcode Date last seen Price effective from Koha item type Copy number Coded location qualifier
    Dewey Decimal Classification     Colección Juvenil General Biblioteca Pública Metropolitana Salomé Ureña Biblioteca Pública Metropolitana Salomé Ureña 10/12/2015 Santillana Ediciones Generales   A863.44 S338c 2007 BPMSU15100086 10/12/2015 10/12/2015 Libros    
    Dewey Decimal Classification     Colección Juvenil General Biblioteca Pública Metropolitana Salomé Ureña Biblioteca Pública Metropolitana Salomé Ureña 11/14/2016 Santillana Ediciones Generales   A863.44 S338c 2007 BPMSU16111287 11/14/2016 11/14/2016 Libros e. 2  
    Dewey Decimal Classification     Colección Juvenil General Biblioteca Pública Metropolitana Salomé Ureña Biblioteca Pública Metropolitana Salomé Ureña 11/14/2016 Santillana Ediciones Generales   A863.44 S338c 2007 BPMSU16111288 11/14/2016 11/14/2016 Libros e. 3 Alfaguara